| 000 | 01670nam a2200421 c 4500 | ||
|---|---|---|---|
| 001 | 47185 | ||
| 003 | ES-MaCES | ||
| 005 | 20220505103032.0 | ||
| 008 | 160302s2015 sp 000 | spa d | ||
| 017 |
_aM 19684-2015 _bDL |
||
| 020 | _a9788490203871 | ||
| 020 | _a9788490203798 (digital) | ||
| 040 |
_aES-MaCES _bspa _cES-MaCES |
||
| 245 | 0 | 0 |
_aComentarios al texto refundido de la Ley general de derechos de las personas con discapacidad y de su inclusión social _cFernando Arenas Escribano, Miguel Ángel Cabra de Luna, coords. |
| 250 | _a1ª ed | ||
| 260 |
_aLas Rozas (Madrid) _bLa Ley grupo Wolters Kluwer _c2015 |
||
| 300 |
_a512 p. _c24 cm |
||
| 490 | 1 | _aTemas, La Ley | |
| 504 | _aBibliografía | ||
| 541 | _cCompra | ||
| 610 | 1 | 7 |
_aEspaña _tReal Decreto Legislativo por el que se aprueba el texto refundido de la Ley general de derechos de las personas con discapacidad y de su inclusión social, 2013 _2 _936532 |
| 650 | 4 |
_apersona con discapacidad _928689 |
|
| 650 | 4 |
_adiscriminación contra personas con discapacidad _929672 |
|
| 650 | 4 |
_aderechos de las personas con discapacidad _929698 |
|
| 650 | 4 |
_aintegración de las personas con discapacidad _929681 |
|
| 650 | 4 |
_alegislación de seguridad social _929855 |
|
| 650 | 4 |
_aEspaña _926964 |
|
| 650 | 4 |
_a2013 _931985 |
|
| 650 | 4 |
_atexto _929624 |
|
| 650 | 4 |
_acomentario _928971 |
|
| 650 | 4 |
_acampo de aplicación _930263 |
|
| 653 | 1 | 0 | _aDerecho del trabajo y Seguridad Social |
| 700 | 1 |
_aArenas Escribano, Fernando _ecol. _936531 |
|
| 700 | 1 |
_aCabra de Luna, Miguel Ángel _ecol. _98616 |
|
| 830 | 0 |
_aTemas / La Ley _934262 |
|
| 902 | _aLIB Libro | ||
| 942 |
_2CES _cBK _h6.0.1. |
||
| 999 |
_c47185 _d47185 |
||